000 01504nam a22004097a 4500
003 CHAP
005 20220329143605.0
008 100729s2010 mx r 00010 spa d
010 _a98946
011 _a99918
035 _a110604
040 _cCHAP
090 _aTesis
100 1 _aMurillo Rivera, Omar
_979765
245 1 0 _aEvaluación técnica de una caldera con fuente de energía gas L.P.
_c/por Omar Murillo Rivera
260 _aChapingo, Méx. :
_bEl autor,
_c2010
300 _axii 117 h. :
_bilus., gráfs.
502 _aTesis (Ing. Mecánico Agrícola) -- UACH. Departamento de Ingeniería Mecánica Agrícola
530 _aTambién disponible en línea
590 _aALEPH
_b10
_c20130110
_lUCH01
_h1535
590 _aBATCH-UPD
_b10
_c20130110
_lUCH01
_h1509
590 _aBATCH-UPD
_b10
_c20130410
_lUCH01
_h0927
590 _aBATCH-UPD
_b10
_c20130914
_lUCH01
_h0816
590 _aBATCH-UPD
_b10
_c20140324
_lUCH01
_h1518
590 _aBATCH-UPD
_b10
_c20141002
_lUCH01
_h0844
590 _aCONVERSION
_b10
_c20130109
_lUCH01
_h1355
650 1 4 _aCalderas.
_917358
650 1 4 _aCircuitos eléctricos.
_923358
650 1 4 _aEvaluación.
_938913
650 1 4 _aFuentes de energía.
_943843
650 1 4 _aGas.
_947197
856 _3Finding aid
_uhttp://10.13.5.2/tesis/110604.pdf
_zTeclea aqui
901 _aBK
942 _cFOLL
949 _aTesis
_bBC
_cTES
_d33724002178132
_eTS2
_fc.2
_gDonaciØn
_h50881
_i110604
_sb
949 _aTesis
_bBC
_cTES
_d33724002178215
_eTS1
_gDonaciØn
_h50880
_i110604
_sb
999 _c98946
_d98946